| 000 | 01306nam a2200373 i 4500 | ||
|---|---|---|---|
| 001 | bg | ||
| 100 | 0 |
_aKapuściński, Ryszard _d(1932-2007). |
|
| 245 | 0 | 0 |
_aImperium / _cRyszard Kapuściński. |
| 250 | _aWyd. 17. | ||
| 260 |
_aWarszawa : _bAgora, _c2008. |
||
| 300 |
_a285, [2] s. ; _c22 cm. |
||
| 490 | 1 |
_aKolekcja wybranych dzieł Ryszarda Kapuścińskiego / pod red. Bożeny Dudko i Mariusza Szczygła ; _aBiblioteka Gazety Wyborczej _vt. 11 |
|
| 490 | 1 | _aBiblioteka Gazety Wyborczej | |
| 504 | _aBibliogr. s. 285-[286]. | ||
| 546 | _aTekst częśc. tł. z wł. | ||
| 650 | 9 |
_aReportaż polski _yod 1989 r. |
|
| 651 | 9 |
_aZSRR _y1945-1991 r. |
|
| 655 | _aPublicystyka | ||
| 700 | 1 |
_aDudko, Bożena _d(1963- ). _eRed. |
|
| 700 | 1 |
_aSzczygieł, Mariusz _d(1966- ). _eRed. |
|
| 800 | 1 |
_aKapuściński, Ryszard _d(1932-2007). _tKolekcja wybranych dzieł Ryszarda Kapuścińskiego _vt. 11 |
|
| 830 | _aBiblioteka Gazety Wyborczej | ||
| 020 | _a9788375521214 | ||
| 020 | _a9788375521276 (seria) | ||
| 040 | _cBPK | ||
| 041 | 0 |
_apol _hita |
|
| 044 | _aPOL | ||
| 080 | _a94(47+57)"1945/1991"(047) | ||
| 920 | _a978-83-7552-121-4 | ||
| 920 | _a978-83-7552-127-6 (seria) | ||
| 942 | _cKS | ||
| 008 | s pl f |000 0 pol | ||
| 999 |
_c54909 _d54909 |
||
| 856 |
_uhttp://koha.tu.koszalin.pl/cgi-bin/koha/opac-detail.pl?biblionumber=54909 _yKatalog online BPK |
||